LEADER 01364nam--2200433---4500 001 990001128840203316 005 20071210103248.0 010 $a978-88-430-1912-0 035 $a000112884 035 $aUSA01000112884 035 $a(ALEPH)000112884USA01 035 $a000112884 100 $a20030127h2001----km-y0itay50------ba 101 0 $aita 102 $aIT 105 $ay|||z|||001yy 200 1 $a<> disturbo alimentare$emodelli, ricerche e terapie$fElena Faccio 210 $aRoma$cCarocci$dcopyr. 2001 215 $a198 p.$d22 cm 225 2 $aQuality paperbacks$v19 410 $12001$aQuality paperbacks 606 0 $aAlimentazione$xPsicopatologia 676 $a616.8526 700 1$aFACCIO,$bElena$0514800 801 0$aIT$bsalbc$gISBD$cISBD 912 $a990001128840203316 951 $aII.3. 3141$b202540 L.M.$cII.3.$d00161558 959 $aBK 969 $aUMA 979 $aCHIARA$b90$c20030127$lUSA01$h1209 979 $aPATRY$b90$c20040406$lUSA01$h1718 979 $aANNAMARIA$b90$c20071126$lUSA01$h1208 979 $aANNAMARIA$b90$c20071126$lUSA01$h1246 979 $aANNAMARIA$b90$c20071126$lUSA01$h1246 979 $aANNAMARIA$b90$c20071203$lUSA01$h0922 979 $aANNAMARIA$b90$c20071205$lUSA01$h0955 979 $aANNAMARIA$b90$c20071210$lUSA01$h1032 996 $aDisturbo alimentare$9859007 997 $aUNISA LEADER 01185cam0-22003971i-450 001 990003102560403321 005 20200507085112.0 010 $a0-521-64166-7 035 $a000310256 035 $aFED01000310256 035 $a(Aleph)000310256FED01 035 $a000310256 100 $a20000920d1999----kmuy0itay50------ba 101 0 $aeng 102 $aGB 105 $ay-------001yy 200 1 $aInnovation, industry evolution and employment$fedited by David B. Audretsch, A. Roy Thurik 210 $aCambrige$cCambridge University Press$d1999 215 $aVII, 321 p.$cill.$d24 cm 610 0 $aImprese$aNuovi modelli organizzativi 610 0 $aInnovazioni tecnologiche$aAspetti economici 610 0 $aIndustria$aOrganizzazione 676 $a331.124$v20$zita 702 1$aAudretsch,$bDavid Bruce$f<1954- > 702 1$aThurik,$bAdriaan Roy 801 0$aIT$bUNINA$gRICA$2UNIMARC 901 $aBK 912 $a990003102560403321 952 $aXV S 225$b140$fDTE 952 $aG/1.4 AUD$b18686$fSES 959 $aDTE 959 $aSES 996 $aInnovation, Industry Evolution and Employment$9461914 997 $aUNINA DB $aGEN01 DB $aING01